| 000 | 01257nam a22003254a 4500 | ||
|---|---|---|---|
| 001 | ebr10080971 | ||
| 003 | CaPaEBR | ||
| 006 | m u | ||
| 007 | cr cn||||||||| | ||
| 008 | 030415s2004 enk sb 001 0 eng | ||
| 010 | _z 2003105536 | ||
| 020 | _z0761966846 | ||
| 020 | _z0761966854 (pbk.) | ||
| 040 |
_aCaPaEBR _cCaPaEBR |
||
| 035 | _a(OCoLC)70774205 | ||
| 050 | 1 | 4 |
_aHM481 _b.H39 2004eb |
| 082 | 0 | 4 |
_a305.8/0072 _222 |
| 100 | 1 |
_aHave, Paul ten, _d1937- |
|
| 245 | 1 | 0 |
_aUnderstanding qualitative research and ethnomethodology _h[electronic resource] / _cPaul ten Have. |
| 260 |
_aLondon ; _aThousand Oaks, CA : _bSage Publications, _c2004. |
||
| 300 | _axi, 199 p. | ||
| 504 | _aIncludes bibliographical references (p. [185]-196) and index. | ||
| 533 |
_aElectronic reproduction. _bPalo Alto, Calif. : _cebrary, _d2013. _nAvailable via World Wide Web. _nAccess may be limited to ebrary affiliated libraries. |
||
| 650 | 0 |
_aEthnomethodology _xResearch. |
|
| 650 | 0 | _aQualitative research. | |
| 650 | 0 |
_aEthnology _xMethodology. |
|
| 655 | 7 |
_aElectronic books. _2local |
|
| 710 | 2 | _aebrary, Inc. | |
| 856 | 4 | 0 |
_uhttp://site.ebrary.com/lib/rucke/Doc?id=10080971 _zAn electronic book accessible through the World Wide Web; click to view |
| 999 |
_c157939 _d157939 |
||